La persona culta : anatomía de una especie en peligro de extinción /

Đã lưu trong:
Chi tiết về thư mục
Tác giả chính: Pera Blanco-Morales, Cristóbal (autor)
Tác giả khác: Krauze, Enrique (prólogo) (prólogo)
Định dạng: Sách
Ngôn ngữ:Tiếng Tây Ban Nha
Được phát hành: México : Cal y Arena, 2014, c2014
Những chủ đề:
Các nhãn: Thêm thẻ
Không có thẻ, Là người đầu tiên thẻ bản ghi này!

MARC

LEADER 00000nam^a2200000^a^4500
001 000364204
005 20250521000000.0
009 20260310115609.066
020 |a 978-607-9357-08-5 
037 |a Acervo ITESO - Biblioteca 
041 |a ESP 
082 |a 128. 3  |b PER 
100 |a Pera Blanco-Morales, Cristóbal  |e (autor) 
245 1 3 |a La persona culta :  |b anatomía de una especie en peligro de extinción /  |c C. Pera Blanco-Morales ; pról. de E. Krauze. 
264 4 |a México :  |b Cal y Arena,  |c 2014, c2014 
300 |a 212 p. 
336 |a texto  |b txt  |2 rdacontenido 
337 |a sin mediación  |b n  |2 rdamedio 
338 |a volumen  |b nc  |2 rdasoporte 
649 |a XX 
650 |a Ensayos Españoles 
650 |a Literatura Española -  |y Siglo XX 
650 |a Literatura Española -  |y Siglo XXI 
650 |a Cultura -  |x Filosofía -  |x Tema Principal 
650 |a Antropología Filosófica 
650 |a Filosofía y Literatura 
650 |a Filosofía del Siglo XX 
650 |a Filosofía Española 
700 |a Krauze, Enrique  |e (prólogo) 
910 |a Fondo General 
920 |a Impresos - Libros 
930 |a Colección General 
905 |a 101 
901 |a 0500257952  |b IT1  |c ACC  |i C142765  |u 20250521 
902 |a https://opac.biblio.iteso.mx/vufind/Record/000364204